| 000 | 00908nab a2200253 u 4500 | ||
|---|---|---|---|
| 001 | 09384 | ||
| 003 | HDC | ||
| 007 | cr bn --- | ||
| 008 | 210202p2012 my n |0 eng | ||
| 022 | _a1675Γö¼Γòû7009 | ||
| 040 | _aHDC | ||
| 100 |
_aNormah Ismail, _eauthor _99697 |
||
| 245 | 0 |
_aExtraction of Collagen from Catfish (Clarias gariepnus) Waste and Determination of its Physico-chemical Properties / _cNormah Ismail [and 1 other] |
|
| 260 |
_aMalaysia : _bUiTM Press, _c2012 |
||
| 336 |
_atext _2rdacontent |
||
| 337 |
_acomputer _2rdamedia |
||
| 338 |
_aonline resource _2rdacarrier |
||
| 650 |
_aCollagen _94899 |
||
| 650 |
_aFood industry and trade _9140 |
||
| 856 | _zRequest full-text at [email protected] | ||
| 942 | _2lcc | ||
| 942 | _cAR | ||
| 942 | _kJART 000126 | ||
| 999 |
_c6707 _d6707 |
||